Taylor Swift 107 - Statistics

General Stats
  • This quiz has been taken 7 times
    5 since last reset
  • The average score is 280 of 406
Answer Stats
Answer % Correct
on
100%
one
100%
a
80%
an
80%
and
80%
but
80%
cut
80%
I
80%
I'd
80%
I'll
80%
I'm
80%
in
80%
it
80%
knife
80%
like
80%
man
80%
me
80%
my
80%
night
80%
of
80%
rolled
80%
ship
80%
surface
80%
than
80%
that
80%
that's
80%
the
80%
there
80%
through
80%
to
80%
water
80%
when
80%
where
80%
willow
80%
win
80%
you
80%
your
80%
'90s
60%
after
60%
again
60%
art
60%
back
60%
begging
60%
bent
60%
case
60%
champion
60%
cheat
60%
come
60%
dark
60%
face
60%
feel
60%
follow
60%
for
60%
from
60%
gave
60%
guess
60%
hand
60%
hey
60%
home
60%
if
60%
is
60%
know
60%
known
60%
less
60%
life
60%
look
60%
meet
60%
more
60%
never
60%
open-shut
60%
others
60%
pillow
60%
places
60%
plans
60%
priceless
60%
prize
60%
right
60%
ring
60%
rough
60%
say
60%
scars
60%
should've
60%
show
60%
stray
60%
stronger
60%
take
60%
they
60%
time
60%
train
60%
trend
60%
trophy
60%
wait
60%
was
60%
were
60%
wherever
60%
wind
60%
wine
60%
work
60%
would've
60%
wreck
60%
yeah
60%
anywhere
40%
as
40%
could
40%
count
40%
current
40%
else
40%
every
40%
head
40%
hollow
40%
lost
40%
mythical
40%
now
40%
or
40%
out
40%
signal
40%
sneakin'
40%
thing
40%
this
40%
bait-and-switch
20%
bend
20%
No matching quizzes found
Score Distribution
Percent of People with Each Score
Percentile by Number Answered
Your Score History
You have not taken this quiz since the last reset